Statistics for Japanese Numbers

Click here to take the quiz!

General Stats

  • This quiz has been taken 2,233 times
  • The average score is 9 of 10

Answer Stats

HintAnswer% Correct
1ichi
98%
2ni
98%
3san
97%
4shi
93%
5go
92%
6roku
88%
7shichi
88%
8hachi
85%
9kyuu
69%
10juu
67%

Score Distribution

Percentile by Number Answered

Percent of People with Each Score

Your Score History

You have not taken this quiz